| 000 | 00336pab a2200133 454500 | ||
|---|---|---|---|
| 008 | 180718b1985 xxu||||| |||| 00| 0 eng d | ||
| 245 |
_aLeather _bNeed to increase domestic availability |
||
| 260 | _c1985 | ||
| 300 | _a264-5 | ||
| 362 | _a10 Aug. | ||
| 650 | _aLeather Industry and Trade - India | ||
| 773 | _aCommerce | ||
| 909 | _a12436 | ||
| 999 |
_c12436 _d12436 |
||